| 000 | 01181nam0a22002531 4500 | ||
|---|---|---|---|
| 001 | rc\728045 | ||
| 005 | 20250622111410.0 | ||
| 035 | _a(NLR Aleph) 006258992 | ||
| 090 |
_a6828425 _c6828425 |
||
| 100 | _a20040301d1985 |||y0rusy50 ca | ||
| 101 | 0 | _arus | |
| 102 | _aRU | ||
| 105 | _aa ||||||||| | ||
| 200 | 1 |
_aОпыт работы организаций легкой промышленности по повышению эффективности изобретательской и патентно-лицензионной работы _f[Сост. к. т. н. В.Ю. Джермакян] |
|
| 210 |
_aМ. _cЦНИИТЭИлегпром _d1985 |
||
| 215 |
_a52 с. _cил. _d21 |
||
| 225 | 1 |
_aПередовой производственный опыт в легкой промышленности _eОбзор. информ. _fМ-во лег. пром-сти СССР, ЦНИИ информ. и техн.-экон. исслед. _vВып. 7 |
|
| 320 | _aБиблиогр.: с. 50-51 | ||
| 702 | 1 |
_aДжермакян _bВ.Ю. _gВалерий Юрьевич _4220 |
|
| 801 | 0 |
_aRU _bNLR _gpsbo |
|
| 801 | 1 |
_aRU _bELAR _2rusmarc |
|
| 852 |
_aNLR _jП22/5057 |
||
| 942 | _cBOOK | ||
| 980 | _aNB | ||